00797nam a2200217 a 450000100100000000500170001000800410002704000250006808200190009310000280011224501100014026000320025030000210028249000320030365000300033565000320036583000390039704900090043695201170044599900170056200002283120200930021826.0101119s1978 ve r 000 | spa d aDO-SdBNPbspacBNPHU aV862.44bS232p1 aSantana, Rodolfo94691810aPiezas perversas :bla horda. la empresa perdona un ii momento de locura. el animador /cRodolfo Santana. aCaracas :bFundarte,c1978. a165 p. ;c21 cm.1 aCuardeno de Difusión;v25 4aPoesía venezolana94230 4aLiteratura venezolana93816 0aCuardeno de Difusión;v25946919 aBNGR 001050718MOaGRbGRcCTd2010-11-19iLF1l0oV862.44 S232pp22831-10r2020-06-25w2020-06-25y1ZNo se presta c22328d22328